[Event "Tata Steel-A 81st"]
[Site "Wijk aan Zee"]
[Date "2019.01.22"]
[Round "9"]
[White "Shankland, Samuel L"]
[Black "Carlsen, Magnus"]
[Result "1/2-1/2"]
[WhiteElo "2725"]
[BlackElo "2835"]
[Annotator "Fernandez,Daniel Howard"]
[PlyCount "80"]
[EventDate "2019.01.12"]
[EventType "tourn"]
[EventRounds "13"]
[EventCountry "NED"]
[EventCategory "21"]
[SourceTitle "CBM 188"]
[Source "ChessBase"]
[SourceDate "2018.12.21"]
[SourceVersion "1"]
[SourceVersionDate "2018.12.21"]
[SourceQuality "1"]

1. d4 d5 2. c4 e6 3. Nc3 a6 {A relatively major trend of the 2010's. Black threatens to take on d5 and obliges his opponent to enter a Carlsbad structure in which ...a6 will be useful rather than committal.} 4. cxd5 (4. Nf3 {is of course playable, but after} dxc4 5. a4 Nc6 6. e4 Na5 7. Be3 $44 {or similar, the compensation is less clear-cut than in a standard Moscow Gambit.}) (4. e4 {attempts a favourable comparison to the 3...c6 4.e4!? gambit, but} dxe4 5. Nxe4 Nf6 $11 {was just fine for Black in Roubalik,J-Zilka,S Czech Republic 2018}) 4... exd5 5. Nf3 h6 {This is maximalist, and provocative.} ({There isn't much reason why the} 5... Nf6 6. Bg5 Be6 7. e3 Nbd7 8. Bd3 h6 9. Bf4 {of Karjakin,S-Caruana,F Saint Louis 2018 should scare Black, but if the text can be played, then it should be.}) 6. Bf4 (6. Qb3 Nf6 7. e4 $5 Nxe4 $1 (7... dxe4 8. Ne5 Be6 9. Qxb7 $18) 8. Qxd5 Qxd5 9. Nxd5 Bd6 10. Bd3 Nf6 11. Nxf6+ gxf6 12. O-O Nc6 13. Re1+ Kf8 14. Be3 $11 {Here a draw was agreed in Parligras,M-Rakhmanov,A Banja Vrujci 2017, on the premise that in the absence of queens, the isolated d-pawn is as weak as the doubled f-pawns.}) 6... Nf6 7. e3 Bd6 8. Bxd6 Qxd6 9. Qc2 O-O 10. Bd3 Re8 ({RR} 10... Be6 11. O-O Nbd7 12. Rac1 Rac8 13. h3 c5 14. dxc5 Nxc5 15. Rfd1 Qe7 16. Nd4 Nxd3 17. Qxd3 Rc7 18. Nce2 Rfc8 19. Rxc7 Rxc7 20. f3 Bd7 21. Qd2 Rc8 22. Nf4 Re8 23. Kf2 Qd6 24. Rc1 g5 25. Nfe2 {Erigaisi,A (2778)-Duda,J (2733) chess.com INT 2024 1-0 (32)}) 11. h3 {It might turn out that this move is unnecessary, because Black wasn't planning ...Bg4 for some time yet.} ({Let us examine:} 11. O-O Bg4 ({If Black plays} 11... Be6 {with the idea of ... Nbd7 as in the game, then h3 could have been saved. For instance,} 12. b4 $14) 12. Ne5 c5 $1 (12... Nc6 13. f4 {should be something for White}) 13. Qa4 $5 (13. Qd2 b5 14. f4 Nc6 15. h3 cxd4 16. exd4 Be6 $132 {with play on both sides of the board}) 13... Be6 14. Qa3 b6 $14 {I think White has a nibble in this Barry-type position. The computer likes 13...Rxe5, but then Black is really playing for tricks.}) 11... Be6 ({RR} 11... Nbd7 12. O-O Nf8 13. Ne5 c5 14. Rae1 c4 15. Bf5 b5 16. a3 Re7 17. f4 Bxf5 18. Qxf5 N8d7 19. g4 g6 20. Qc2 Kg7 21. Qg2 Nb6 22. f5 g5 23. Re2 Rae8 24. Ref2 Kg8 25. h4 Nbd7 26. hxg5 {Qian,L (1843)-Suarez Gomez,P (1833) Hong Kong HKG 2026 0-1 (41)}) 12. O-O Nbd7 ({It is reasonable to ask, given the game continuation, why Black didn't go for} 12... c5 $5 {immediately, so that his knight could use the c6-square and (probably) ...b5 would still be an option?} 13. dxc5 Qxc5 14. Rac1 Nc6 15. Rfd1 $14) (12... c6 {is a more aggressive way to handle the position, inviting White to play b4 at some moment if he wishes, but reserving options like ...Nd7-b6 in that eventuality. For instance:} 13. a3 Nbd7 14. b4 a5 15. Qb2 b6 $5 $132 {Or ...Nb6.}) 13. a4 $146 (13. Na4 Ne4 $1 {This thematic counter-blow at first looks impossible, but in fact it's necessary to stop White developing a choke-hold on c5.}) ({RR} 13. Rac1 Rac8 14. Na4 Ne4 15. Nc5 Ndxc5 16. dxc5 Qd7 17. c6 bxc6 18. Qxc6 Qe7 19. Bxa6 Ra8 20. Bb5 Rxa2 21. Qxe8+ Qxe8 22. Bxe8 Rxb2 23. Rxc7 g5 24. Nd4 h5 25. Nxe6 fxe6 26. Bf7+ Kg7 27. Bxe6+ Kf6 {Mujumdar,S (2028)-Liyanage,R (2165) Chess.com INT 2021 1-0 (34)}) ({RR} 13. Rac1 Rac8 14. Na4 Ne4 15. Nc5 Ndxc5 16. dxc5 Qd7 17. c6 bxc6 18. Qxc6 Qe7 19. Bxa6 Ra8 20. Bb5 Rxa2 21. Qxe8+ Qxe8 22. Bxe8 Rxb2 23. Rxc7 g5 24. Nd4 h5 25. Nxe6 fxe6 26. Bf7+ Kg7 27. Bxe6+ Kf6 {Mujumdar,S (2028)-Liyanage,R (2165) Chess.com INT 2021 1-0 (34)}) 13... Rac8 14. Rfc1 c5 {On one hand, this move usually hands over a slight plus to White for the foreseeable future, but on the other, Black seems uniquely well placed in this case to carry out the standard mitigating procedures.} 15. dxc5 Nxc5 16. Nd4 Bd7 17. Qd1 {In case of any ...Nce4xf2 type ideas.} (17. Bf5 $5 {seeks to clarify matters a bit.} Nce4 (17... Ne6 $1 {seems best. Now say} 18. Rd1 {With e4 ideas in the pipeline.}) (17... Bxf5 18. Qxf5 g6 19. Qc2 Qe5 20. Nce2 $14) 18. Bxe4 Nxe4 19. Qb3 $14) 17... Rc7 18. Bc2 Rec8 19. Nde2 Ne6 20. Bb3 Bc6 21. Nd4 {White suffers in this phase from a lack of obvious plans, being that d5 is defended as many times as Black needs. He ends up not finding one, and Black gets to consolidate further.} Qb4 22. Nce2 Bd7 23. Rxc7 Rxc7 {This is now just dead equal.} 24. Qe1 Qxe1+ 25. Rxe1 Nc5 (25... Kf8 {Playing this first presents White with a small strategic problem. If he marks time, then ...Nc5 will come next.} 26. Rd1 Nc5 27. a5 Ke7 $11) 26. Rc1 a5 27. Bc2 Kf8 28. b3 Na6 29. f3 Nb4 {Starting to give White things to think about. There needs to be, for instance, a serious response to ...b5, both immediately and in the future.} 30. Kf2 Ne8 31. Ke1 Nd6 32. Bb1 {And this is a tacit offer of a draw.} (32. Kd2 b5 33. axb5 Bxb5 $132 {Black has his targets too.}) 32... Rxc1+ 33. Nxc1 Ke7 34. Bd3 Kf6 35. h4 b6 36. Kd2 Ke5 37. g4 g5 38. hxg5 hxg5 39. Nce2 Nxd3 40. Kxd3 Nb7 ({The attempt} 40... f5 $4 {is hugely ill-advised due to the tactic} 41. f4+ Kf6 42. fxg5+ Kxg5 43. Nf3+ $3 {and White is basically winning.}) (40... b5 $5 {is playable, though knights tend to be good in close combat such as this.} 41. f4+ Kf6 42. Nc3 bxa4 43. Nxd5+ Kg7 44. Nb6 $1 (44. bxa4 $6 Bxa4 45. fxg5 Kg6 $15 {is still a draw, but with Black having a very active king and passed a-pawn it could go wrong.}) 44... Bxg4 45. Nxa4 gxf4 46. exf4 $11 {and there isn't much left to play for.}) 1/2-1/2

[Event "Moscow Aeroflot op-A 14th"]
[Site "Moscow"]
[Date "2015.04.02"]
[Round "7"]
[White "Adhiban, Baskaran"]
[Black "Bukavshin, Ivan"]
[Result "0-1"]
[WhiteElo "2646"]
[BlackElo "2618"]
[Annotator "Adhiban,Baskaran"]
[PlyCount "90"]
[EventDate "2015.03.27"]
[EventType "swiss"]
[EventRounds "9"]
[EventCountry "RUS"]
[SourceTitle "CBM 166"]
[Source "ChessBase"]
[SourceDate "2015.05.11"]
[SourceVersion "1"]
[SourceVersionDate "2015.05.11"]
[SourceQuality "1"]

{This game was quite important, Since I was sharing the second spot and was very optimistic of fighting for the first place but little did I know that this game could also turn out to the opposite of my thoughts!} 1. d4 d5 2. c4 e6 3. Nc3 c6 4. e4 {I really don't know what this variation is called! The Marshall's Slav Triangle Gambit system? :)} dxe4 5. Nxe4 Bb4+ 6. Bd2 Qxd4 7. Bxb4 Qxe4+ 8. Be2 a5 $5 {A new idea!} 9. Bc3 (9. Bf8 {doesn't work here.} Qxg2 10. Bf3 Qg5) (9. Bd6 $5 {was the other interesting try.}) 9... Ne7 10. Nf3 O-O 11. O-O f6 12. Re1 ({RR} 12. Bd3 Qf4 13. Qc2 h6 14. Rae1 Na6 15. Re4 Qc7 16. Rh4 e5 17. Re1 Nb4 18. Bh7+ Kh8 19. Qb1 Qb6 20. Rxe5 fxe5 21. Rxh6 Rf6 22. Rh4 Be6 23. Bf5+ Kg8 24. Bxe6+ Rxe6 25. Qh7+ Kf8 26. Qh8+ Ng8 {Predke,A (2682)-Korobov,A (2699) Warsaw 2021 0-1 (44)}) 12... Qf4 {Taking her majesty out of the trouble and the nasty threats.} (12... e5 {I was mainly expecting this.} 13. Bd3 Qg4 14. Re4 Qd7 (14... Qe6 {allows} 15. Nxe5 fxe5 16. Rxe5 Qf7 17. Rxe7 $3 Qxe7 18. Qh5 {A clear domination by the two bishops!} g6 19. Bxg6 {[%cal Ga1e1] with an unstoppable attack!}) 15. Nxe5 $1 fxe5 16. Rxe5 Rf7 17. Qe2 c5 18. Rd1 $1 Qc7 19. Rxe7 Qxe7 (19... Rxe7 20. Qh5 $18) 20. Qh5 g6 21. Bxg6 Nc6 22. Re1 Qxe1+ 23. Bxe1 hxg6 24. Qxg6+ Kf8 25. f3 $16 {with an interesting imbalance, but the open position of the king and the possibility of combining an attack on the dark squares and advancing the pawns give White a considerable advantage.}) 13. Bd3 c5 $1 {Taking control of several important squares and preparing ...c6, my opponent was still playing fast! Maybe he was still in his prep?} 14. Qc2 h6 $146 ({RR} 14... g6 15. Re4 Qc7 16. Rae1 Nbc6 17. Rxe6 Bxe6 18. Rxe6 Rad8 19. Qe2 Rd6 20. h4 Qd7 21. Rxd6 Qxd6 22. h5 Rd8 23. Bc2 Nb4 24. hxg6 hxg6 25. Bb3 Kf7 26. Qe4 Qd3 27. Qh4 Qb1+ 28. Kh2 g5 29. Qh5+ {Anagnostopoulos,K (2201)-Hristodoulou,P (2278) Heraklion 2017 0-1 (57)}) 15. Re3 $5 Nf5 (15... Nbc6 {Here I had an interesting idea} 16. Ne5 $1 {The black queen is in trouble.} Nd4 (16... Nxe5 17. Bxe5 fxe5 18. Rf3 $16) 17. Bxd4 cxd4 18. Rd1 $1 $44 {looks spectacular with a huge mess.} (18. Re4 Qg5 19. Nf3 Qc5 $11)) 16. Bxf5 Qxf5 17. Qd1 $6 {Too ambitious.} ({It was high time to go into defensive mode.} 17. Qxf5 exf5 18. Rd1 {and White had decent chances of survival.}) (17. Qe2 Qh5 $1 {I wasn't sure how to continue here while Black's plan is quite clear (e5-c6).} (17... e5 18. Nxe5 fxe5 19. Rxe5 Qg4 20. f3 Qg6 21. Re7 Rf7 22. Re8+ Rf8 23. Re7 $11)) 17... e5 $1 {Preventing all sorts of tricks!} (17... Nc6 18. Nh4 $1 Qg5 19. Rg3 $1 {was my idea.} Qxh4 20. Rg4 {[%csl Rh4] winning the queen.}) 18. Qd5+ Qe6 19. Qxc5 b6 20. Qd5 Qxd5 21. cxd5 {I thought this must be easy to defend but his f6-e5 pawns really restrict my pieces.} Rd8 {[%csl Rd5]} 22. Rd1 Ra7 $5 23. Nxe5 (23. d6 Nc6 $17) 23... fxe5 24. Bxe5 Nc6 $1 {I had understimated this resource - now I don't get the compensation I was hoping for, One of my friends even texted me, Why on earth 23.e5? For which I had no answer :).} 25. f4 Nxe5 26. fxe5 Be6 27. d6 Rc8 28. h4 {Preparing g3-g6 which seemed like the only way to dislodge the bishop.} Rf7 ({Also sufficient is} 28... Rc4) 29. Rd2 Rf4 30. Rc3 Rxc3 31. bxc3 Rf8 {The rest is easy, I am not able to create any fortress.} 32. a4 $6 {Only adds to the trouble.} (32. Rb2 Rb8 33. Kf2 {was more tenacious.}) 32... Rb8 33. Kf2 Kf7 34. Ke3 Ke8 35. Kd4 Rc8 36. Rb2 Rc4+ 37. Kd3 Rc6 38. g4 Bxg4 39. Rg2 h5 40. Kd4 Kd7 41. Rg1 (41. Rf2 Be6) 41... g6 42. Rg2 Bf5 43. Rg1 Rc5 44. Rg2 Ke6 45. Re2 Rd5+ 0-1

[Event "Moscow FIDE GP"]
[Site "Moscow"]
[Date "2017.05.12"]
[Round "1"]
[White "Mamedyarov, Shakhriyar"]
[Black "Vallejo Pons, Francisco"]
[Result "1/2-1/2"]
[WhiteElo "2772"]
[BlackElo "2710"]
[Annotator "Roiz,Michael"]
[PlyCount "59"]
[EventDate "2017.05.12"]
[EventType "swiss"]
[EventRounds "9"]
[EventCountry "RUS"]
[SourceTitle "CBM 179"]
[Source "ChessBase"]
[SourceDate "2017.07.12"]
[SourceVersion "1"]
[SourceVersionDate "2017.07.12"]
[SourceQuality "1"]

1. d4 d5 2. c4 e6 3. Nc3 a6 {This unusual system has been successfully employed by Magnus, so other strong players do not mind trying it from time to time.} 4. cxd5 ({The alternative -} 4. e4 dxe4 5. Nxe4 Bb4+ 6. Nc3 c5 {takes the game to ''Slav Gambit'' paths with the inclusion of a7-a6. Most probably, Black shouldn't face serious problems here.}) 4... exd5 {No doubt, the exchange on d5 helps Black to develop the light-squared bishop.} 5. Nf3 c6 ({The position which arises after} 5... Nf6 6. Bg5 Be6 7. e3 Nbd7 {was tested on the highest level and seems acceptable for Black. For instance,} 8. Bd3 h6 (8... Bd6 9. O-O O-O 10. Qc2 h6 11. Bf4 Qe7 12. Bxd6 Qxd6 13. a3 Bg4 14. Nd2 c5 15. dxc5 Nxc5 $11 {Riazantsev,A (2671)-Carlsen,M (2840) Doha QAT 2016}) 9. Bh4 g5 10. Bg3 Nh5 11. Be5 Ng7 12. h3 Nxe5 13. Nxe5 Bd6 14. O-O c6 15. Rc1 h5 $132 {Riazantsev,A (2659)-Mastrovasilis,D (2580) Minsk BLR 2017}) 6. e4 {This is the most ambiitous try - White's development advantage might tell after opening up the position.} ({The quiet} 6. Bf4 {is also not without merits:} Bd6 7. Bxd6 Qxd6 8. e3 Ne7 9. Bd3 Bf5 (9... Bg4 $5) 10. Qb3 b5 11. Bxf5 Nxf5 12. a4 b4 13. Ne2 $14 {Grischuk,A (2754)-Carlsen,M (2857) chess.com INT 2016}) 6... dxe4 7. Ng5 ({Harmless is:} 7. Nxe4 Nf6 8. Nxf6+ Qxf6 9. a3 Bd6 10. Bg5 Qe6+ 11. Be2 h6 12. Bh4 O-O $11 {Morozov,N (2353)-Svetushkin,D (2574) Chisinau MDA 2016}) 7... Be7 {Francisco is deviating from his previous encounter in this line} ({, which saw} 7... h6 8. Ngxe4 Nf6 9. Nxf6+ Qxf6 10. Bc4 Bd6 11. Ne4 Bb4+ 12. Bd2 Bxd2+ 13. Qxd2 Qg6 14. O-O $14 {Svane,R (2552)-Vallejo Pons,F (2711) Hamburg GER 2017}) 8. Bc4 Nh6 ({In the event of} 8... Bxg5 $6 9. Qh5 g6 10. Qxg5 Qxg5 11. Bxg5 Bf5 12. O-O-O $36 {Black wouldn't benefit from simplifications - the dark squares in his camp are very vulnerable.}) 9. Ngxe4 ({I guess, another natural recapture -} 9. Ncxe4 {was rejected by GM Mamedyarov in view of} Nd7 (9... Bf5 {Hammer,J (2630)-Andreikin,D (2734) chess.com INT 2017.} {seems dangerous in view of} 10. g4 $1 Bg6 11. O-O O-O 12. h3 Nd7 13. f4 $36) 10. O-O Nb6 11. Bb3 O-O 12. Re1 Nd5 {and Black is quite solid.}) 9... Nf5 10. d5 O-O 11. Bf4 (11. O-O {can be well met by} b5 $1 12. Bb3 b4 13. Na4 cxd5 14. Qxd5 Qxd5 15. Bxd5 Ra7 {and Black should be able to neutralise the activity of opponent's pieces in the subsequent endgame.}) 11... cxd5 12. Nxd5 {In the position with symmetrical pawn structures which has arisem White has a slight advantage due to the strong d5, but Black's setup lacks weaknesses, so there is nothing serious.} Nc6 ({Possible is also} 12... b5 $5 13. Bb3 Be6 14. Ng3 (14. O-O Nc6 15. Re1 Ncd4 16. Nxe7+ Qxe7 17. Ng5 Rad8 $132) 14... Bd6 15. Bxd6 Qxd6 16. O-O Nc6 17. Nxf5 Bxf5 {and Black is close to full equality.}) 13. O-O Be6 14. Re1 Bxd5 {This decision looks like a concession, but the activity of Black's knights would compensate for the pair of bishops.} 15. Bxd5 Bb4 16. Nc3 $146 {This move enables Shakhriyar to keep some tension in the position.} (16. Bg5 {is harmless:} Nce7 17. Bxb7 Bxe1 18. Bxa8 Bxf2+ 19. Nxf2 Qxa8 $11 {Vakhidov,J (2525)-Xu,Y (2463) Al-Ain UAE 2015}) 16... Nfd4 17. Be4 Re8 $146 ({RR} 17... Ne6 18. Be3 Qxd1 19. Rexd1 Rad8 20. Bxc6 bxc6 21. Na4 Rxd1+ 22. Rxd1 Rd8 23. Rxd8+ Nxd8 24. Bc5 Ba5 25. Kf1 f5 26. Ke2 Ne6 27. Bd6 Kf7 28. Kd3 Ke8 29. Kc4 Kd7 30. Be5 Be1 31. f3 Bf2 32. b3 {Stella,A (2490)-Villar Reymundo,J (2244) Barcelona 2019 1-0 (78)}) 18. Re3 {Unpinning the knight and creating some attacking potential (In particular, the rook can be located on g3 or h3).} (18. a3 Bf8 (18... Bxc3 {is less convincing:} 19. bxc3 Ne6 20. Be3 $14) 19. Qd3 g6 20. Rad1 Bg7 $11 {feels quite safe for Black too.}) 18... g6 ({Possibly, a better try was} 18... Ne6 $5 19. Rd3 Qa5 20. Rd5 Bc5 {- it would lead to a more complicated play, but Black should be OK here.}) 19. h4 ({Worth attention is} 19. Bxc6 $5 Nxc6 20. Rxe8+ Qxe8 21. Nd5 Qd8 22. Nxb4 Nxb4 23. Qb3 $14 {, and the vulnerablity of his king still causes Black some problems.}) 19... Ne6 $1 {Inviting further simplifications.} 20. Qxd8 Raxd8 21. Bxc6 bxc6 $11 {White's structural advantage is rather symbolic here.} 22. Rae1 Be7 23. g3 (23. Bg5 Bxg5 24. hxg5 Kg7 $11) 23... Nxf4 24. Rxe7 Rxe7 25. Rxe7 Nd5 {Of course, the rook endgame is very drawish.} 26. Re4 Nxc3 27. bxc3 Rd5 28. Rc4 Kf8 29. Kf1 Ke7 30. Rxc6 1/2-1/2